00435nam a22001337a 4500003000500000038001800005082000800023100001700031245009200048264003100140650003200171700004100203856005700244NUST aNusrat Nadeem a200 aAyesha Waris aEfficient Hardware Implementation of Post-Quantum Cryptographic Schemes/cWaris Ayesha  aKarachi:bPNEC NUSTc2025. aPhD-Electrical Engineering  aSupervisor: Dr. Bilal Muhammad Khan uhttp://10.250.8.41:8080/xmlui/handle/123456789/56898